000 00691nam a2200289Ia 4500
005 20260324141531.0
008 008 260324s9999 xx 000 0 eng d
020 _a9780203379462
037 _aEBOOK
040 _aCRL
040 _beng
040 _cCRL
041 _2eng
041 _aeng
084 _qCRL
100 _aBarbara Ching; Gerald W. Creed
_91208553
245 0 _aKnowing Your Place
245 0 _bRural Identity and Cultural Hierarchy
260 _bTaylor and Francis
260 _c1997
365 _a
365 _b230
856 _uhttp://www.taylorfrancis.com/books/9780203379462
942 _cEBOOK
999 _c1811750
_d1811750